000 00360pam a2200145a 44500
008 230405s xxu||||| |||| 00| 0 eng d
041 _aENG
100 _aGARRATT D.C.
245 _aTHE QUANTITATIVE ANALYSIS OF DRUGS
250 _a3 2001
260 _aNEW DELHI
_bCBS PUBLISHERS DELHI
_c
300 _a925
650 _aPHARMACEUTICAL CHEMISTRY
906 _a470
999 _c265909
_d265909